000
00277nam a22001337a 4500
008
210521b ||||| |||| 00| 0 eng d
041
_a
eng
080
_a
616.073
082
_a
616.073
100
_a
6
101
_a
RAD
245
_a
Radiologic
_c
Evans,K.D
942
_2
udc
_c
BK
999
_c
57579
_d
57579